000
00254nam a2200109Ia 4500
008
220120s9999||||xx |||||||||||||| ||und||
100
_a
Jain R.K
245
0
_a
Engineering metrology
260
_a
Khanna publishers
_c
2000
300
_b
125
650
_a
VHDL
999
_c
137242
_d
137242